V roku 1997 sa predpokladá výrazný nárast výdavkov na vysokoškolskú vedeckú činnosť

Situácia na vysokých školách (VŠ), počet študentov a učiteľov, za posledné 3 roky. Problematika financovania vysokoškolskej vedeckej činnosti. Získavanie prostriedkov na financovanie vedeckej činnosti VŠ - granty (Vega - Vedecká grantová agentúra MŠ SR) a podnikateľské aktivity VŠ. Nevyhnutnosť vede...

Description complète

Enregistré dans:
Détails bibliographiques
Auteur principal: Reiselová, E.
Format: Chapitre de livre
Langue:slovaque
Sujets:
Tags: Ajouter un tag
Pas de tags, Soyez le premier à ajouter un tag!

MARC

LEADER 00000naa a2200000 4500
001 r023080
005 20230921075806.7
041 0 |a slo 
044 |a SK 
245 1 0 |a V roku 1997 sa predpokladá výrazný nárast výdavkov na vysokoškolskú vedeckú činnosť  |c E. Reiselová 
520 |a Situácia na vysokých školách (VŠ), počet študentov a učiteľov, za posledné 3 roky. Problematika financovania vysokoškolskej vedeckej činnosti. Získavanie prostriedkov na financovanie vedeckej činnosti VŠ - granty (Vega - Vedecká grantová agentúra MŠ SR) a podnikateľské aktivity VŠ. Nevyhnutnosť vedeckého výskumu na VŠ, súvislosť s kvalitou pedagogického procesu na VŠ, význam pre budúci rozvoj spoločnosti. Perspektíva rozvoja vedy a výskumu na VŠ. 
610 2 0 |a školy vysoké 
610 2 0 |a veda 
610 2 0 |a výskum 
610 2 0 |a výskum vedecký 
610 2 0 |a financovanie vedy 
610 2 0 |a financovanie výskumu 
610 2 0 |a Slovensko 
610 2 0 |a 1997 
100 1 |a Reiselová, E.